Vincitori FIFA 100 - Statistics

Statistiche generali
  • Questo quiz è stato fatto 28 volte
  • Il punteggio medio è 49 su 125
Statistiche sulle risposte
Nazione Ruolo Periodo di attività Giacotre % Corretto
Argentina Centrocampista 1976-1997 Diego Armando Maradona
96%
Brasile Attaccante 1993-2011 Ronaldo
88%
Francia Centrocampista 1988-2006 Zinédine Zidane
88%
Italia Difensore 1984-2009 Paolo Maldini
83%
Ghana Centrocampista 1980-2000 Abedi Pelé
79%
Italia Difensore 1993-2013 Alessandro Nesta
79%
Liberia Attaccante 1984-2003 George Weah
79%
Italia Portiere 1995-2023 Gianluigi Buffon
79%
Brasile Attaccante 1956-1977 Pelé
79%
Italia Attaccante 1991-2014 Alessandro Del Piero
75%
Italia Portiere 1961-1983 Dino Zoff
75%
Italia Attaccante 1992-2017 Francesco Totti
75%
Germania Attaccante 1965-1981 Gerd Müller
75%
Paesi Bassi Attaccante 1982-1993 Marco van Basten
75%
Italia Difensore 1977-1997 Franco Baresi
71%
Brasile Centrocampista 1998-2018 Ronaldinho
71%
Francia Attaccante 1993-2015 David Trezeguet
67%
Italia Centrocampista 1959-1979 Gianni Rivera
67%
Germania Portiere 1987-2008 Oliver Kahn
67%
Italia Attaccante 1976-1987 Paolo Rossi
67%
Portogallo Attaccante 1957-1978 Eusébio
63%
Argentina Attaccante 1988-2005 Gabriel Batistuta
63%
Francia Difensore 1991-2008 Lilian Thuram
63%
Danimarca Portiere 1981-2003 Peter Schmeichel
63%
Brasile Centrocampista 1993-2014 Rivaldo
63%
Italia Centrocampista 1982-2004 Roberto Baggio
63%
Paesi Bassi Centrocampista 1979-1998 Ruud Gullit
63%
Ucraina Attaccante 1994-2012 Andrij Shevchenko
58%
Brasile Difensore 1989-2008 Cafu
58%
Romania Centrocampista 1982-2001 Gheorghe Hagi
58%
Francia Attaccante 1994-2014 Thierry Henry
58%
Germania Centrocampista 1964-1985 Franz Beckenbauer
54%
Irlanda del Nord Centrocampista 1963-1981, 1983-1984 George Best
54%
Germania Centrocampista 1979-2000 Lothar Matthäus
54%
Portogallo Centrocampista 1989-2009 Luís Figo
54%
Repubblica Ceca Centrocampista 1992-2009 Pavel Nedvěd
54%
Brasile Difensore 1992-2012 Roberto Carlos
54%
Brasile Centrocampista 1971-1989, 1991-1994 Zico
54%
Italia Attaccante 1989-2010 Christian Vieri
50%
Inghilterra Centrocampista 1993-2013 David Beckham
50%
Ungheria Attaccante 1943-1955, 1957-1966 Ferenc Puskás
50%
Italia Difensore 1980-1999 Giuseppe Bergomi
50%
Inghilterra Attaccante 1996-2013 Michael Owen
50%
Francia Centrocampista 1972-1987 Michel Platini
50%
Brasile Attaccante 1985-2008 Romário
50%
Brasile Difensore 1963-1982 Carlos Alberto Torres
46%
Paesi Bassi Centrocampista 1980-1995 Frank Rijkaard
46%
Giappone Centrocampista 1995-2006 Hidetoshi Nakata
46%
Corea del Sud Difensore 1992-2004 Hong Myung-bo
46%
Bulgaria Attaccante 1982-2003 Hristo Stoičkov
46%
Inghilterra Attaccante 1988-2006 Alan Shearer
42%
Croazia Attaccante 1984-2003 Davor Šuker
42%
Messico Attaccante 1990-2008 Hugo Sánchez
42%
Francia Attaccante 1983-1998 Jean-Pierre Papin
42%
Paesi Bassi Centrocampista 1964-1984 Johan Cruijff
42%
Brasile Centrocampista 1972-1986 Paulo Roberto Falcão
42%
Spagna Attaccante 1994-2015 Raúl
42%
Portogallo Centrocampista 1990-2008 Rui Costa
42%
Danimarca Centrocampista 1986-2000 Brian Laudrup
38%
Colombia Centrocampista 1980-2003 Carlos Valderrama
38%
Paesi Bassi Centrocampista 1992-2014 Clarence Seedorf
38%
Francia Centrocampista 1985-2001 Didier Deschamps
38%
Francia Difensore 1986-2006 Marcel Desailly
38%
Germania Centrocampista 1995-2012 Michael Ballack
38%
Danimarca Centrocampista 1981-1998 Michael Laudrup
38%
Francia Centrocampista 1993-2011 Patrick Vieira
38%
Irlanda Centrocampista 1989-2006 Roy Keane
38%
Brasile Centrocampista 1974-1989 Sócrates
38%
Inghilterra Centrocampista 1954-1975 Bobby Charlton
33%
Argentina Attaccante 1993-2012 Hernán Crespo
33%
Argentina Difensore 1992-2014 Javier Zanetti
33%
Francia Centrocampista 1993-2011 Robert Pirès
33%
Argentina Attaccante 1943-1966 Alfredo Di Stéfano
29%
Paesi Bassi Attaccante 1986-2006 Dennis Bergkamp
29%
Paesi Bassi Centrocampista 1991-2009 Edgar Davids
29%
Italia Difensore 1960-1978 Giacinto Facchetti
29%
Nigeria Attaccante 1975-1998 Jay-Jay Okocha
29%
Argentina Centrocampista 1994-2017 Juan Sebastián Verón
29%
Germania Attaccante 1974-1989 Karl-Heinz Rummenigge
29%
Argentina Difensore 1971-1989 Daniel Passarella
25%
Spagna Attaccante 1984-1998 Emilio Butragueño
25%
Francia Attaccante 1983-1997 Éric Cantona
25%
Inghilterra Portiere 1955-1972, 1977-1978 Gordon Banks
25%
Cile Attaccante 1983-2003 Iván Zamorano
25%
Germania Attaccante 1982-2004 Jürgen Klinsmann
25%
Scozia Attaccante 1969-1990 Kenny Dalglish
25%
Brasile Centrocampista 1965-1981 Rivelino
25%
Polonia Attaccante 1975-1988 Zbigniew Boniek
25%
Inghilterra Attaccante 1978-1994 Gary Lineker
21%
Francia Attaccante 1950-1962 Just Fontaine
21%
Argentina Attaccante 1970-1992, 1995-1996 Mario Kempes
21%
Argentina Attaccante 1954-1969 Omar Sívori
21%
Camerun Attaccante 1965-1996 Roger Milla
21%
Brasile Difensore 1948-1972 Djalma Santos
17%
Italia Attaccante 1946-1961 Giampiero Boniperti
17%
Argentina Attaccante 1998-2015 Javier Saviola
17%
Paesi Bassi Centrocampista 1968-1991 Johan Neeskens
17%
Repubblica Ceca Centrocampista 1950-1970 Josef Masopust
17%
Spagna Centrocampista 1989-2004 Luis Enrique
17%
Brasile Difensore 1948-1964 Nílton Santos
17%
Paesi Bassi Attaccante 1994-2008 Patrick Kluivert
17%
Germania Portiere 1962-1979 Sepp Maier
17%
Belgio Portiere 1973-1990 Jean-Marie Pfaff
13%
Inghilterra Attaccante 1968-1985 Kevin Keegan
13%
Francia Difensore 1969-1984 Marius Trésor
13%
Francia Centrocampista 1949-1967 Raymond Kopa
13%
Paesi Bassi Attaccante 1993-2012 Ruud van Nistelrooij
13%
Senegal Attaccante 1998-2014 El Hadji Diouf
8%
Cile Difensore 1964-1982 Elías Figueroa
8%
Turchia Centrocampista 1996-2020 Emre Belözoğlu
8%
Germania Difensore 1970-1983 Paul Breitner
8%
Paesi Bassi Centrocampista 1970-1989 René van de Kerkhof
8%
Paesi Bassi Attaccante 1969-1982 Rob Rensenbrink
8%
Perù Centrocampista 1966-1984, 1987-1989 Teófilo Cubillas
8%
Paesi Bassi Centrocampista 1970-1988 Willy van de Kerkhof
8%
Uruguay Centrocampista 1980-1997 Enzo Francescoli
4%
Belgio Centrocampista 1978-1999 Franky Van der Elst
4%
Belgio Centrocampista 1974-1992 Jan Ceulemans
4%
Brasile Centrocampista 1974-1993 Júnior
4%
Stati Uniti Attaccante 1987-2004 Mia Hamm
4%
Unione Sovietica Portiere 1976-1991 Rinat Dasaev
4%
Paraguay Centrocampista 1977-1996 Romerito
4%
Turchia Portiere 1991-2012 Rüştü Reçber
4%
Germania Attaccante 1954-1972 Uwe Seeler
4%
Stati Uniti Centrocampista 1985-2000 Michelle Akers
0%
Nessun quiz corrispondente trovato
Distribuzione punteggi
Percentuale di utenti per punteggio
Percentile per numero di risposta
I tuoi punteggi nel tempo
Non hai fatto questo quiz